Accountancy: A Textbook for the Professional Accountancy and Advanced Commercial Examinations, (Record no. 1288)

MARC details
005 - DATE AND TIME OF LATEST TRANSACTION
control field 20250410154311.0
020 ## - INTERNATIONAL STANDARD BOOK NUMBER
International Standard Book Number 0 273 36083 3
082 ## - DEWEY DECIMAL CLASSIFICATION NUMBER
Classification number 657 PIC
100 ## - MAIN ENTRY--PERSONAL NAME
Author name PICKLES, W.
245 ## - TITLE STATEMENT
Title Accountancy: A Textbook for the Professional Accountancy and Advanced Commercial Examinations,
250 ## - EDITION STATEMENT
Edition statement 4th Ed.
260 ## - PUBLICATION, DISTRIBUTION, ETC.
Place of publication, distribution, etc. London,
Name of publisher, distributor, etc. The English Language Book Society and Pitman,
Date of publication, distribution, etc. 1974.
300 ## - PHYSICAL DESCRIPTION
Extent ix, 3,246p.: ill.; figure
Other physical details Index
Dimensions 21cm
700 ## - ADDED ENTRY--PERSONAL NAME
Other authors/Editors LAFFERTY, J. L.
942 ## - ADDED ENTRY ELEMENTS (KOHA)
Source of classification or shelving scheme Dewey Decimal Classification
Koha item type Books
Holdings
Date last seen Total checkouts Full call number Barcode Cost, replacement price Price effective from Koha item type Lost status Source of classification or shelving scheme Damaged status Not for loan Withdrawn status Home library Current library Shelving location Date acquired Cost, normal purchase price
04/10/2025   657 PIC 0000005022 30000.00 04/10/2025 Books   Dewey Decimal Classification       College of Business Education Main Library College of Business Education Main Library General Collection 04/10/2025 10000.00
04/14/2025   657 PIC 0000005286 30000.00 04/14/2025 Books   Dewey Decimal Classification       College of Business Education Main Library College of Business Education Main Library General Collection 04/14/2025 10000.00
04/14/2025   657 PIC 0000005287 30000.00 04/14/2025 Books   Dewey Decimal Classification       College of Business Education Main Library College of Business Education Main Library General Collection 04/14/2025 10000.00